000 00481nam a22001937a 4500
003 OSt
005 20140310181830.0
008 130706t xxu||||| |||| 00| 0 eng d
020 _a9781934970201
050 _aR 15
_b.Si611 2009
082 _aREF 616.97
_bS611 2009
245 _aAIDS & HIV :
_bThe facts for kids
_cRae Simons
260 _aNew York :
_b Alpha House,
_c2009
300 _a63 p.
521 _a
541 _j1
562 _e1
942 _2lcc
_cBK-GR
_kREF
999 _c4496
_d4496